000 00262nam a2200097Ia 4500
001 1300843
005 20260420095911.0
008 260420s9999 xx 000 0 und d
245 0 _aDUR BAKALIM PETEK
_cNECATİ TOSUNER
260 _bGÜNIŞIĞI KİTAPLIĞI YAYINLARI
999 _c1300843
_d1300843